2024/2025 Premier League Goalscorers: Gameweek 36 - Statistics

General Stats
  • This quiz has been taken 19 times
  • The average score is 17 of 22
Answer Stats
Fixture Club Score Goalscorer % Correct
Nottingham Forest v Leicester Nottingham Forest 2-1 Chris Wood
94%
Liverpool v Arsenal Arsenal 2-1 Gabriel Martinelli
94%
Manchester United v West Ham West Ham 2-0 Jarrod Bowen
94%
Bournemouth v Aston Villa Aston Villa 1-0 Ollie Watkins
94%
Fulham v Everton Everton 3-1 Beto
88%
Newcastle v Chelsea Newcastle 2-0 Bruno Guimaraes
88%
Ipswich v Brentford Brentford 1-0 Kevin Schade
88%
Liverpool v Arsenal Liverpool 2-0 Luis Diaz
88%
Liverpool v Arsenal Liverpool 1-0 Cody Gakpo
82%
Wolves v Brighton Brighton 1-0 Danny Welbeck
82%
Tottenham v Crystal Palace Crystal Palace 1-0 Eberechi Eze
82%
Tottenham v Crystal Palace Crystal Palace 2-0 Eberechi Eze
82%
Nottingham Forest v Leicester Leicester 2-2 Facundo Buonanotte
76%
Fulham v Everton Fulham 1-0 Raul Jimenez
76%
Newcastle v Chelsea Newcastle 1-0 Sandro Tonali
76%
Fulham v Everton Everton 2-1 Michael Keane
71%
Liverpool v Arsenal Arsenal 2-2 Mikel Merino
71%
Nottingham Forest v Leicester Nottingham Forest 1-1 Morgan Gibbs-White
71%
Manchester United v West Ham West Ham 1-0 Tomas Soucek
71%
Wolves v Brighton Brighton 2-0 Brajan Gruda
59%
Fulham v Everton Everton 1-1 Vitaly Mykolenko
59%
Nottingham Forest v Leicester Leicester 1-0 Conor Coady
47%
No matching quizzes found
Score Distribution
Percent of People with Each Score
Percentile by Number Answered
Your Score History
You have not taken this quiz